Кн. 4 : Вавилов - Вяземский; Владельческие книжные знаки в Отделе редких книг Российской государственной библиотеки

מידע ביבליוגרפי
Parent link:Владельческие книжные знаки в Отделе редких книг Российской государственной библиотеки: каталог/ T. В. Гребенюк. Кн. 4 : Вавилов - Вяземский.— , 2010-2014.— 978-5-7510-0436-1
סיכום:В каталоге представлены личные, фамильные и родовые российские и иностранные книжные знаки, а также знаки владельцев библиотек для чтения. Хронологические рамки - с XVI но XX в. Описание каждого книжного знака сопровождается изображением, сведениями о владельце и списком ис­пользованной литературы. Записи в каталоге располагаются по алфавиту имён владельцев книжных знаков. Нумерация продолжающаяся.В четвертую книгу включены имена владельцев книжных знаков: Вавилов — Вяземский. Схема расположения материала, элементы описания и справочный аппарат те же, что и в предыдущих книгах.Издание представляет интерес для собирателей и любителей книжного знака, держателей фондов, занимающихся их изучением, а также библиогра­фов, библиофилов, антикваров и специалистов по истории книги.
שפה:רוסית
יצא לאור: 2014
נושאים:
פורמט: ספר
KOHA link:https://koha.lib.tpu.ru/cgi-bin/koha/opac-detail.pl?biblionumber=319242

MARC

LEADER 00000nam2a2200000 4500
001 319242
005 20231102003148.0
010 |a 9785751005498 
035 |a (RuTPU)RU\TPU\book\344750 
090 |a 319242 
100 |a 20160524d2014 km y0rusy50 ca 
101 0 |a rus 
102 |a RU 
105 |a a z 001zy 
200 0 |a Кн. 4 : Вавилов - Вяземский 
210 |d 2014 
215 |a 608 с.  |c ил. 
320 |a Библиогр.: с. 578-602 
320 |a Указатели: с. 528-577 
330 |a В каталоге представлены личные, фамильные и родовые российские и иностранные книжные знаки, а также знаки владельцев библиотек для чтения. Хронологические рамки - с XVI но XX в. Описание каждого книжного знака сопровождается изображением, сведениями о владельце и списком ис­пользованной литературы. Записи в каталоге располагаются по алфавиту имён владельцев книжных знаков. Нумерация продолжающаяся.В четвертую книгу включены имена владельцев книжных знаков: Вавилов — Вяземский. Схема расположения материала, элементы описания и справочный аппарат те же, что и в предыдущих книгах.Издание представляет интерес для собирателей и любителей книжного знака, держателей фондов, занимающихся их изучением, а также библиогра­фов, библиофилов, антикваров и специалистов по истории книги. 
461 1 |0 (RuTPU)RU\TPU\book\275743  |y 978-5-7510-0436-1  |t Владельческие книжные знаки в Отделе редких книг Российской государственной библиотеки  |o каталог  |f T. В. Гребенюк  |v Кн. 4 : Вавилов - Вяземский  |d 2010-2014 
606 1 |a Книжные знаки  |x Коллекционирование  |2 stltpush  |3 (RuTPU)RU\TPU\subj\14582  |9 40951 
610 1 |a книги 
610 1 |a книговедение 
610 1 |a библиотечные фонды 
610 1 |a Российская государственная библиотека 
610 1 |a редкие книги 
610 1 |a экслибрисы 
610 1 |a экслибрисистика 
610 1 |a библиофилия 
610 1 |a библиофилы 
610 1 |a каталоги 
686 |a Ч610.611  |v LBC/SL-A  |2 rubbk 
801 1 |a RU  |b 63413507  |c 20160524 
801 2 |a RU  |b 63413507  |c 20161031  |g RCR 
942 |c BK 
959 |a 41/20160513  |d 1  |e 1000,00  |f РФ:1